00358nam a2200145Ia 4500003000400000005001700004008004100021040000900062082001500071100001700086245005200103260002900155300001000184650001800194OSt20200701110405.0190216s9999||||xx |||||||||||||| ||und|| coclc a909bROB/P aRoberts, J M 4aThe Pelican History Of The World /cJ M Roberts bPenguin Books,aEngland: a1052p aWorld History